000
00384nam a22001697a 4500
003
MPLRDC
005
20220104123951.0
008
210129b ||||| |||| 00| 0 eng d
082
_a
170.7 ZY
100
_a
卓瑜
245
_a
心理趣谈
_c
250
_a
再版
260
_a
_b
香港宏业书局
_c
1966
300
_b
平
650
_a
心理学总论
942
_c
BK
_o
170.7 ZY
999
_c
15599
_d
15589